Mers, Oceans et autres - Statistiques

Statistiques générales
  • Ce quiz a été pris 168 fois
  • Le résultat moyen est 7 sur 35
Statistiques - réponses
Hint Réponse % Correct
Ocean Ocean Pacifique
81%
Ocean Ocean Atlantique
79%
Ocean Ocean Indien
79%
Canal Suez
49%
Détroit Gibraltar
48%
Canal Panama
45%
Mer Mer Rouge
43%
Mer Mer du Nord
35%
Zone de passage La Manche
24%
Détroit Bering
23%
Golfe Golfe du Mexique
23%
Mer Mer Mediterannée
20%
Détroit Malacca
19%
Port Rotterdam
19%
Ocean Ocean glacial arctique
16%
Golfe Golfe Persique
15%
Détroit Ormuz
12%
Détroit Magellan
10%
Ocean Ocean glacial antarctique
10%
Port Singapour
10%
Port Shangaï
9%
Port New York
7%
Port Los Angeles
6%
Zone de passage Cap de Bonne Espérance
4%
Port Hong-Kong
3%
Port San Francisco
2%
Port Busan
0%
Facade maritime F. Atlantique des Etats Unis
0%
Facade maritime F. de l'Asie orientale
0%
Facade maritime F. du Northern Range
0%
Facade maritime F. Pacifique des Etats Unis
0%
Port Houston
0%
Mer Mer CaraÏbes-Antilles
0%
Zone de passage Mer de Drake
0%
Port Tokyo-Yokohama
0%
Aucun quiz correspondant
Distribution des résultats
% des personnes avec chaque résultat
Percentile par nombre de réponses
Votre historique - résultats
Vous n’avez pas pris ce quiz